Представление документа в формате RUSMARC

ПолеНазваниеЗначение
  Тип записи a
  Библиографический уровень m
001 Контрольный номер RU/УОНБ/EK/460635550
005 Дата корректировки 20260313124038.6
010 Индекс ISBN __
a ISBN 978-5-17-081875-4
d Цена 309 р.
9 Тираж 30000 экз.
b Уточнения в пер.
100 Данные общей обработки __
a Данные общей обработки 20140423d2014 u y0rusy0189||||ca
101 Язык документа 0_
a Язык текста rus
102 Страна публикации __
a Страна публикации RU
105 Кодированные данные (монография) __
a Кодированные данные (монография) a z 000ay
200 Заглавие и сведения об ответственности 1_
a Заглавие Огненный перст
e Сведения, относящиеся к заглавию [повести]
f Первые сведения об ответственности Б. Акунин
g Последующие сведения об ответственности [ил. И. Сакурова, М. Душина]
210 Выходные данные 1_
a Место издания Москва
c Издательство АСТ
d Дата издания 2014
215 Физическое описание __
a Объем 383 с.
c Иллюстрации/тип воспроизводства ил.
d Формат 24 см
225 Серия 1_
a Серия История Российского государства
327 Примечание о содержании 11
a Примечание о содержании Содерж.: Огненный перст ; Плевок дьявола ; Князь Клюква
333 Примечание о целевом назначении __
a Примечание о целевом назначении 18+
464 Аналитический уровень _0
1 2001
a Плевок дьявола
464 Аналитический уровень _0
1 2001
a Князь Клюква
606 Тематические рубрики 0_
a Основная рубрика Исторические романы и рассказы (х. л.)
610 Ключевые слова 0_
a Ключевые слова проза историческая русская
686 Индексы других классификаций __
a Классификационный индекс 84Р2-42
v Номер издания LBC/M
2 Код системы rubbk
700 Автор _1
3 Контрольный № нормативной записи RU\NLR\AUTH\775367
a Фамилия Акунин
b Имя (инициалы) Б.
g Полное личное имя Борис
f Даты 1956-
702 Вторичная интеллектуальная ответственность _1
a Фамилия Сакуров
b Имя (инициалы) И.
4 Код отношения 440
702 Вторичная интеллектуальная ответственность _1
a Фамилия Душин
b Имя (инициалы) М.
4 Код отношения 440
801 Источник записи _0
a Страна RU
b Организация Донская ГПБ
c Дата составления 20140411
g Правила каталогизации rcr
801 Источник записи _1
a Страна RU
b Организация Донская ГПБ
c Дата составления 20140411
2 Код формата rusmarc
801 Источник записи _2
a Страна RU
b Организация Ульяновская ОНБ
c Дата составления 20140806
2 Код формата rusmarc
901 Тип документа __
t Тип документа m
909 Создатель записи __
a Создатель записи Филиппова
b Дата создания записи 20141002
938 Служебная информация __
a Имя БД books
b Имя библиотеки УОНБ
c Имя АИБС МАРК-SQL
d Номер DOC_ID в БД 305290
970 Признак ограниченного доступа __
a Фамилия Чхартишвили
b Имя (инициалы) Г. Ш.
g Полное личное имя Григорий Шалвович
e 12.01.2024
f Иностранный агент (физическое лицо)
f Внесен в перечень террористов и экстремистов
996 Контроль за деятельностью лиц, находящихся под иностранным влиянием __
b Текстовое указание НАСТОЯЩИЙ МАТЕРИАЛ (ИНФОРМАЦИЯ) ПРОИЗВЕДЁН, РАСПРОСТРАНЁН И (ИЛИ) НАПРАВЛЕН ИНОСТРАННЫМ АГЕНТОМ ЧХАРТИШВИЛИ ГРИГОРИЕМ ШАЛВОВИЧЕМ ЛИБО КАСАЕТСЯ ДЕЯТЕЛЬНОСТИ ИНОСТРАННОГО АГЕНТА ЧХАРТИШВИЛИ ГРИГОРИЯ ШАЛВОВИЧА